| 000 | 00000nam 2200000za 4500 |
| 001 | 9.690489 |
| 003 | CaOODSP |
| 005 | 20210624232341 |
| 007 | cr ||||||||||| |
| 008 | 150407s2007 onc|||||o f|0| 0 eng d |
| 020 | |a978-0-662-47418-0 |
| 040 | |aCaOODSP|beng |
| 043 | |an-cn--- |
| 086 | 1 |aH164-34/2007E-PDF |
| 110 | 1 |aCanada. |bHealth Products and Food Branch. |
| 245 | 10|aCompendium of monographs |h[electronic resource] / |cdeveloped by Natural Health Products Directorate. |
| 250 | |aVersion 2.1 (November 2007). |
| 260 | |aOttawa : |bHealth Canada, |cc2007. |
| 300 | |a33 p. |
| 500 | |aIncorrect catalogue number (H164-34/2006E-PDF) and ISBN (0-662-44265-2) printed in this publication. |
| 590 | |a11-29-Supp|b2011-11-25 |
| 775 | 08|tCompendium des monographies |w(CaOODSP)9.634849 |
| 795 | |tCompendium of monographs |w(CaOODSP)9.688909 |
| 856 | 40|ahttp://publications.gc.ca|qPDF|s256 KB|uhttps://publications.gc.ca/collections/collection_2011/sc-hc/H164-34-2007-eng.pdf |